| 000 | 00342nam a22001217a 4500 | ||
|---|---|---|---|
| 082 |
_a657 _bCBSE/A |
||
| 100 | _aCENTRAL BOARD OF SECONDARY EDUCATION | ||
| 245 |
_aSAMPLE QUESTION PAPERS ACCOUNTANCY _bCLASS 12 |
||
| 260 |
_aAGRA _bOWAAL CBSE _c2016 |
||
| 300 | _a136 | ||
| 650 |
_aACCOUNTANCY SAMPLE QUESTION PAPER FOR CLASS 12 _zINDIA |
||
| 942 | _cBK | ||
| 999 |
_c630 _d630 |
||